Score 0/18 Timer 02:00
0 Plays Today
Film Title Missing Word % Correct
The Dark ______ RisesKnight
96.6%
The ______ GamesHunger
96.4%
21 ______ StreetJump
93.3%
The Twilight Saga: Breaking ______ Part 2Dawn
91.5%
Madagascar 3: Europe's Most ______Wanted
87.5%
The ______ Spider-ManAmazing
85.8%
Wreck-It ______Ralph
83.7%
The Hobbit: An Unexpected ______Journey
82.7%
Ice Age: Continental ______Drift
81.7%
Film Title Missing Word % Correct
Marvel's The _______Avengers
79.9%
Sky______fall
75%
Snow White and the ______Huntsman
74.3%
______ TransylvaniaHotel
70.9%
Dr. Seuss' The ______Lorax
64%
Magic ______Mike
61.4%
The Bourne ______Legacy
49.6%
Journey 2: The Mysterious ______Island
38.3%
______ HouseSafe
9%

Today's Daily Dose

Remove Ads.
Support Sporcle.
Get the best of Sporcle when you Go Orange. This ad-free experience offers more features, more stats, and more fun while also helping to support Sporcle. Thank you for becoming a member.

You're not logged in!

Compare scores with friends on all Sporcle quizzes.
OR
Log In

Show Comments

Extras

Top Quizzes Today


Score Distribution

Your Account Isn't Verified!

In order to create a playlist on Sporcle, you need to verify the email address you used during registration. Go to your Sporcle Settings to finish the process.

Report this User

Report this user for behavior that violates our Community Guidelines.

Details: